000 00691nam a2200217Ii 4500
003 JO-AjNU
008 230605s9999||||xx |||||||||||||| ||und||
017 _a1994/8/791
040 _aJO-AjNU
_bara
_erda
_cJO-AjNU
041 _aara
050 1 4 _aPJ7814.R542.A15 1994
100 3 _aتأليف أرناؤوط، عباس,
_eauthor
_948956
245 0 0 _aحدث غدا: قصص قصيرة
250 _aط1
264 3 1 _aعمان:مكتبة برهومة،1994
300 _a107ص
336 _atext
_btxt
_2rdacontent
337 _aunmediated
_bn
_2rdamedia
338 _avolume
_bnc
_2rdacarrier
650 4 _a القصص العربية القصيرة - القرن العشرين 
_948957
999 _aA21473
_c25041
_d25041